Testing and identification of rubber (Record no. 41460)
[ view plain ]
| 000 -LEADER | |
|---|---|
| fixed length control field | 00434nam a2200157Ia 4500 |
| 082 ## - DEWEY DECIMAL CLASSIFICATION NUMBER | |
| Classification number | NR:62:678.01 |
| Item number | BLO;1 |
| 100 ## - MAIN ENTRY--AUTHOR NAME | |
| Personal name | Blow, Steven |
| 245 #0 - TITLE STATEMENT | |
| Title | Testing and identification of rubber |
| 260 ## - PUBLICATION, DISTRIBUTION, ETC. (IMPRINT) | |
| Place of publication | New Delhi |
| Name of publisher | Galgotia Publications |
| Year of publication | 1998 |
| 650 ## - SUBJECT ADDED ENTRY--TOPICAL TERM | |
| Topical Term | Elastomeric seals |
| 650 ## - SUBJECT ADDED ENTRY--TOPICAL TERM | |
| Topical Term | Rubber products storage |
| 650 ## - SUBJECT ADDED ENTRY--TOPICAL TERM | |
| Topical Term | Tensile stress test |
| 650 ## - SUBJECT ADDED ENTRY--TOPICAL TERM | |
| Topical Term | V-Belt |
| 942 ## - ADDED ENTRY ELEMENTS (KOHA) | |
| Koha item type | Reference |
| Withdrawn status | Lost status | Damaged status | Not for loan | Home library | Current library | Date acquired | Cost, normal purchase price | Full call number | Accession Number | Koha item type |
|---|---|---|---|---|---|---|---|---|---|---|
| RRII Library | RRII Library | 16/12/2021 | 500.00 | NR:62:678.01 BLO;1 | 21746 | Books |